Особый курьер: фантастический роман

Podrobná bibliografie
Hlavní autor: Орлов А. Алекс
Shrnutí:Из-за разногласий с капитаном Джек Холланд уволен с должности корабельного механика и брошен на одной из планет. Работы по специальности нет, жить не на что, и Джек за небольшую зарплату соглашается выкачивать фекалии из туалетов почтовых кораблей. Вдобавок Холланд ухитрился привлечь внимание местной мафии — они жаждут его крови. Чтобы спасти собственную жизнь и вырваться из нищеты, Джек отправляется в рискованный рейс, от которого уже отказались многие. Тут-то и началось самое страшное...
Jazyk:ruština
Vydáno: Москва, Эксмо, 2007
Edice:Русский фантастический боевик
Témata:
Médium: MixedMaterials Kniha
KOHA link:https://koha.lib.tpu.ru/cgi-bin/koha/opac-detail.pl?biblionumber=189285

MARC

LEADER 00000nam0a2200000 4500
001 189285
005 20231031175208.0
010 |a 9785699196005 
035 |a (RuTPU)RU\TPU\book\205682 
035 |a RU\TPU\book\26920 
090 |a 189285 
100 |a 20101222d2007 m y0rusy50 ca 
101 0 |a rus 
102 |a RU 
105 |a y z 000ay 
200 1 |a Особый курьер  |e фантастический роман  |f А. Орлов 
210 |a Москва  |c Эксмо  |d 2007 
215 |a 416 с. 
225 1 |a Русский фантастический боевик 
330 |a Из-за разногласий с капитаном Джек Холланд уволен с должности корабельного механика и брошен на одной из планет. Работы по специальности нет, жить не на что, и Джек за небольшую зарплату соглашается выкачивать фекалии из туалетов почтовых кораблей. Вдобавок Холланд ухитрился привлечь внимание местной мафии — они жаждут его крови. Чтобы спасти собственную жизнь и вырваться из нищеты, Джек отправляется в рискованный рейс, от которого уже отказались многие. Тут-то и началось самое страшное... 
610 1 |a романы 
610 1 |a фантастика 
610 1 |a русская литература 
610 1 |a боевики 
675 |a Р2  |v 3 
700 1 |a Орлов  |b А.  |g Алекс 
801 0 |a RU  |b 63413507  |c 20011209  |g PSBO 
801 2 |a RU  |b 63413507  |c 20110118  |g PSBO 
942 |c BK